Statystyki dla Część garderoby typowa dla lata

Kliknij tutaj aby rozwiązać quiz!

Ogólne statystyki

  • Ten quiz został rozwiązany 16 razy
  • Średni wynik to 3 z 6

Statystyki odpowiedzi

HintOdpowiedź% Poprawnych
2.klapki
67%
3.sandały
67%
5.okulary
przeciwsłoneczne
53%
6.szorty
53%
1.kostium kąpielowy
13%
4.słomiany kapelusz
0%

Rozkład punktacji

Percentyl według liczby udzielonych odpowiedzi

Procent ludzi z każdym wynikiem

Twoja historia wyników

Nie rozwiązałeś tego quizu